Účetnictví, daně a audit v obchodních korporacích

Guardado en:
Detalles Bibliográficos
Autor principal: Müllerová, Libuše
Otros Autores: Šindelář, Michal
Formato: Libro
Lenguaje:checo
Publicado: Praha Grada Publishing 2016
Materias:
Etiquetas: Agregar Etiqueta
Sin Etiquetas, Sea el primero en etiquetar este registro!

MARC

LEADER 00000nam a2200000 4500
001 0219603
005 20221107101307.1
020 |a 978-80-247-5806-0 
041 0 |a cze 
044 |a CZ 
245 1 0 |a Účetnictví, daně a audit v obchodních korporacích  |c Libuše Müllerová, Michal Šindelář 
264 1 |a Praha  |b Grada Publishing  |c 2016 
300 |a 207 s. 
610 2 0 |a účtovníctvo 
610 2 0 |a účtovanie 
610 2 0 |a korporácie 
610 2 0 |a dane 
610 2 0 |a poistenie 
610 2 0 |a legislatíva 
610 2 0 |a dane z príjmov 
610 2 0 |a majetok dlhodobý 
610 2 0 |a zásoby 
610 2 0 |a majetok finančný 
610 2 0 |a rezervy 
610 2 0 |a položky opravné 
610 2 0 |a vzťahy zúčtovacie 
610 2 0 |a kapitál vlastný 
610 2 0 |a závierka účtovná 
610 2 0 |a audit 
100 1 |a Müllerová, Libuše 
700 1 |a Šindelář, Michal